00960nam a22001817a 4500003000900000008004100009040007100050082002500121100001800146245009200164260003600256300002800292505037100320650001200691650002200703650003200725650002100757AR-CdUCM190329b ||||| |||| 00| 0 spa d aMUNICIPALIDAD PROVINCIAL DEL CUSCOcBIBLIOTECA MUNICIPAL DEL CUSCO a610.82 /bP31 / 1929 aPavlov, I. P. aLos reflejos condicionados :blecciones sobre la función de los grandes hemisferios / aMadrid :bJavier Morata,c1929. a434 páginas ;c23 cm. aContenido: Fundamento e historia de los principales métodos de investigación de la función de los hemisferios cerebrales -- Métodos de investigación objetiva de la función de los hemisferios cerebrales -- Formación de los reflejos condicionados por medio de estímulos condicionados y directos -- Inhibición interna de los reflejos condicionados ... aCerebro aPsicofisiología aLocalización de funciones aSistema nervioso